LIBRARY & INFORMATION CENTRE, KCAET, TAVANUR

ONLINE PUBLIC ACCESS CATALOGUE (OPAC)

Communication in India: experiments in introducing change / (Record no. 3524)

MARC details
000 -LEADER
fixed length control field 00556cam a2200193ua 4500
041 ## - LANGUAGE CODE
Language code of text/sound track or separate title eng
082 ## - DEWEY DECIMAL CLASSIFICATION NUMBER
Classification number 302.2
Item number KIV/CO
100 ## - MAIN ENTRY--AUTHOR NAME
Personal name Kivilin, Joseph E .
245 ## - TITLE STATEMENT
Title Communication in India: experiments in introducing change /
250 ## - EDITION STATEMENT
Edition statement 1 /
260 ## - PUBLICATION, DISTRIBUTION, ETC. (IMPRINT)
Place of publication Hyderabad :
Name of publisher National Institute of Community Development ,
Year of publication 1968.
300 ## - PHYSICAL DESCRIPTION
Number of Pages 56 ; .
700 1# - ADDED ENTRY--PERSONAL NAME
Personal name Fliegel, Frederic C .
700 1# - ADDED ENTRY--PERSONAL NAME
Personal name Roy , Prodipto .
700 1# - ADDED ENTRY--PERSONAL NAME
Personal name Sen, Lalit K .
942 ## - ADDED ENTRY ELEMENTS (KOHA)
Koha item type Books
Holdings
Withdrawn status Lost status Damaged status Home library Current library Date acquired Full call number Accession Number Koha item type
Withdrawn     KAUAET Sanskrit University 07/04/2012 302.2 13075 Books
free website counter